000 00663nam a22002537a 4500
003 UA-OsUOA
001 21265
007 ta
008 20031125b un ||||| |||| 00| 0 ukr d
100 _aКалина А.В.
090 _a331.2(075)
_bК17
942 _cBK
040 _aUA-OsUOA
_brus
_cUA-OsUOA
_dUA-OsUOA
245 _aОрганизация и оплата труда в условиях рынка (аспект эффективности)
300 _a312 с.
955 _a0
041 _arus
080 _a331.2(075)
020 _a966-608-098-2
260 _aКиев
_bМАУП
_c2001
044 _aUA
650 7 _2UDC
999 _c307458
_d307458